Principles of modern digital design (Record no. 10306)

000 -LEADER
fixed length control field 00532 a2200181 4500
020 ## - INTERNATIONAL STANDARD BOOK NUMBER
International Standard Book Number 9780470072967
020 ## - INTERNATIONAL STANDARD BOOK NUMBER
International Standard Book Number 0470072962
040 ## - CATALOGING SOURCE
Original cataloging agency DLC
Language of cataloging DLC
100 1# - MAIN ENTRY--PERSONAL NAME
Personal name Lala, Parag K.,
245 10 - TITLE STATEMENT
Title Principles of modern digital design
Statement of responsibility, etc. Parag K. Lala.
260 ## - PUBLICATION, DISTRIBUTION, ETC.
Place of publication, distribution, etc. Hoboken, N.J. :
Name of publisher, distributor, etc. Wiley,
Date of publication, distribution, etc. 2007.
300 ## - PHYSICAL DESCRIPTION
Extent xv, 419 p. :
Other physical details ill. ;
Dimensions 26 cm. +
Accompanying material 1 CD ROM
500 ## - GENERAL NOTE
General note Includes index.
650 #0 - SUBJECT ADDED ENTRY--TOPICAL TERM
Topical term or geographic name entry element Logic design.
650 #0 - SUBJECT ADDED ENTRY--TOPICAL TERM
Topical term or geographic name entry element Logic circuits
General subdivision Design and construction.
650 #0 - SUBJECT ADDED ENTRY--TOPICAL TERM
Topical term or geographic name entry element Digital electronics.
942 ## - ADDED ENTRY ELEMENTS (KOHA)
Koha item type Book
Call number prefix 621.395 LAL
Source of classification or shelving scheme
Holdings
Withdrawn status Lost status Damaged status Not for loan Collection code Permanent Location Current Location Shelving location Date acquired Source of acquisition Cost, normal purchase price Total Checkouts Full call number Barcode Date last seen Date last checked out Price effective from Koha item type Total Renewals
          Central Library (CL) Central Library (CL) General Stacks 10/20/2010 Progressive International Agencies 8398.57 2 621.395 LAL SEECS010292 10/22/2024 03/24/2024 01/05/2017 Book  
          Central Library (CL) Central Library (CL) General Stacks 10/20/2010 Progressive International Agencies 8398.57 2 621.395 LAL SEECS010295 10/20/2016 10/18/2016 01/05/2017 Book  
          Central Library (CL) Central Library (CL) General Stacks 10/20/2010 Progressive International Agencies 8398.57   621.395 LAL SEECS010291 11/14/2012   01/05/2017 Book  
          Central Library (CL) Central Library (CL) General Stacks 10/20/2010 Progressive International Agencies 8398.57 1 621.395 LAL SEECS010293 06/23/2014 01/20/2014 01/05/2017 Book  
          Central Library (CL) Central Library (CL) General Stacks 10/20/2010 Progressive International Agencies 8398.57 1 621.395 LAL SEECS010294 04/17/2019 02/20/2019 01/05/2017 Book 1
© 2023 Central Library, National University of Sciences and Technology. All Rights Reserved.